000
00199 a2200097 4500
001
13867
100
_a
Evans M
245
_a
English Poetry
260
_a
London
_b
Hutchinson
_c
090
_c
10837
_d
10837
942
_a
NUST-CAE
_c
M
_c
933
999
_c
248940
_d
248940